Statistiques concernant Communes les plus peuplées des Vosges

Cliquez ici pour prendre le quiz!

Statistiques générales

  • Ce quiz a été pris 299 fois
  • Le résultat moyen est 10 sur 20

Statistiques - réponses

habitantsVilles% Correct
31335Epinal
100%
19349Saint Dié des Vosges
90%
7891Gerardmer
82%
7549Remiremont
82%
4971Vittel
74%
6207Neufchateau
71%
8745Golbey
60%
6275Raon l'Etape
52%
3922La bresse
51%
5128Mirecourt
51%
4739Charmes
50%
5377Rambervillers
45%
8993Thaon les Vosges
45%
3459Le Thillot
29%
4079Saint Nabord
28%
3274Eloyes
22%
3861Vagney
20%
3856Saint Etienne les Remiremont
18%
3804Le Val d'Ajol
16%
3397Anould
13%

Distribution des résultats

Percentile par nombre de réponses

% des personnes avec chaque résultat

Votre développement - résultats

Vous n’avez pas pris ce quiz